Представление документа в формате RUSMARC

ПолеНазваниеЗначение
  Тип записи a
  Библиографический уровень m
001 Контрольный номер Book/9550
005 Дата корректировки 20240531111226.5
010 Индекс ISBN __
a ISBN 978-5-9533-3758-8
b Уточнения в пер.
d Цена 150 р. 00 к.
9 Тираж 70 000 экз.
090 Данные записи __
a Состояние записи 63.3(0)
b Тип записи Книги
c Язык записи Русский
d Отрасль знаний (КСУ) Другая
e Секретность Несекретно
g Вид записи Монография (однотомник)
x Дата передачи записи для обработки Н53
100 Данные общей обработки __
a Данные общей обработки 20110504d2013 u u 1rusy ||||ca
101 Язык документа 0_
a Язык текста rus
105 Кодированные данные (монография) __
a Кодированные данные (монография) a z 000yy
200 Заглавие и сведения об ответственности 1_
a Заглавие 100 великих кладов
b Общее обозначение материала Текст
f Первые сведения об ответственности Н.Н. Непомнящий, А. Ю. Низовский
210 Выходные данные 1_
a Место издания Москва
c Издательство Вече
d Дата издания 2009
215 Физическое описание __
a Объем 428 с.
c Иллюстрации/тип воспроизводства ил.
d Формат 22 см.
225 Серия 1_
a Серия 100 великих
300 Общие примечания __
a Общие примечания 12+
300 Общие примечания __
a Общие примечания На обл. авт. не указаны
606 Тематические рубрики 0_
a Основная рубрика Клады
610 Ключевые слова 0_
a Ключевые слова археология
a Ключевые слова сокровища
a Ключевые слова клады
a Ключевые слова кладоискатели
686 Индексы других классификаций __
a Классификационный индекс 63.3(0)
2 Код системы rubbk
700 Автор _1
a Фамилия Непомнящий
b Имя (инициалы) Н. Н.
g Полное личное имя Николай Николаевич
701 Альтернативная интеллектуальная ответственность _1
a Фамилия Низовский
b Имя (инициалы) А. Ю.
801 Источник записи _0
a Страна RU
b Организация МБУК ЦБС г. Ульяновска
c Дата составления 20110504
801 Источник записи _1
a Страна RU
b Организация МБУК ЦБС г. Ульяновска
c Дата составления 20110504
899 Данные о местонахождении __
3 Книга № 19238
a Местонахождение 4 ф
i Авторский знак Н 53
j Расстановочный фильтр 63.3(0)
d Название фонда Инв.книга №1
q Состояние Свободно
x Инвентарный номер 146003
901 Тип документа __
t Тип документа m
910 Корректоры записи __
a Корректор записи Хисамова